[Event "Budapest FS02 Nadassy"]
[Site "Budapest"]
[Date "2024.02.10"]
[Round "7.4"]
[White "Dauren, Darmen"]
[Black "Kis, Bela"]
[Result "1-0"]
[WhiteElo "1727"]
[BlackElo "1892"]
[PlyCount "75"]
[EventDate "2024.02.03"]
[EventType "tourn"]
[EventRounds "12"]
[EventCountry "HUN"]
[SourceTitle "CB08_2024"]
[SourceDate "2024.02.21"]
[SourceVersion "1"]
[SourceVersionDate "2024.02.21"]
[SourceQuality "1"]
[WhiteTeam "Team Lower Elo"]
[BlackTeam "Team Higher Elo"]
[WhiteTeamCountry "HUN"]
[BlackTeamCountry "HUN"]

1. d4 f5 2. Bg5 Nf6 3. Bxf6 exf6 4. e3 d5 5. Nf3 Bd6 6. c4 c6 7. Nc3 Be6 8. Qb3 dxc4 9. Qxb7 Qb6 10. Qxg7 Rf8 11. Rb1 Nd7 12. Nd2 Qa6 13. Qxh7 0-0-0 14. Qh5 Bb4 15. Qf3 Ne5 16. dxe5 Rxd2 17. Kxd2 Rd8+ 18. Ke1 fxe5 19. Rd1 Rxd1+ 20. Qxd1 Qxa2 21. Qc1 a5 22. Be2 a4 23. Kf1 Bxc3 24. bxc3 a3 25. f3 Qb3 26. Kf2 f4 27. exf4 exf4 28. Qxf4 a2 29. Qf8+ Kd7 30. Qb4 Qc2 31. Qa3 Qb1 32. Qc1 Bf5 33. Rd1+ Kc8 34. Qa3 Qc2 35. Qa8+ Kc7 36. Qa5+ Kb7 37. Ra1 Bd3 38. Rxa2 1-0

[Event "Wch U10"]
[Site "Batumi"]
[Date "2022.09.25"]
[Round "9"]
[White "Dauren, Darmen"]
[Black "Batbaatar, Baatarbileg"]
[Result "0-1"]
[WhiteElo "1435"]
[BlackElo "1711"]
[PlyCount "70"]
[EventDate "2022.09.16"]
[EventType "swiss"]
[EventRounds "11"]
[EventCountry "GEO"]
[SourceTitle "EXT 2023"]
[Source "ChessBase"]
[SourceDate "2022.10.05"]
[SourceVersion "1"]
[SourceVersionDate "2022.10.05"]
[SourceQuality "1"]

1. Nf3 Nf6 2. g3 d5 3. Bg2 e6 4. 0-0 c5 5. d3 Be7 6. Nbd2 Nc6 7. e4 0-0 8. c3 b5 9. a4 b4 10. Qc2 Ba6 11. c4 Qc7 12. b3 Rad8 13. Bb2 dxe4 14. Nxe4 Nd7 15. d4 cxd4 16. Nxd4 Nxd4 17. Bxd4 e5 18. Bb2 f5 19. Nd2 Nc5 20. Bd5+ Kh8 21. Nf3 Bd6 22. Ng5 Qe7 23. h4 h6 24. Nf3 f4 25. Qg6 Rf6 26. Qc2 Bc8 27. Kg2 Bf5 28. Qd1 Nd3 29. Ra2 fxg3 30. fxg3 e4 31. Nd4 Qe5 32. Rf4 Nxf4+ 33. gxf4 Qxf4 34. Nxf5 Qh2+ 35. Kf1 Rxf5+ 0-1

[Event "Almaty Fizmat op"]
[Site "Almaty"]
[Date "2021.10.10"]
[Round "8"]
[White "Asylov, Miras"]
[Black "Dauren, Darmen"]
[Result "1-0"]
[WhiteElo "2070"]
[BlackElo "1150"]
[PlyCount "107"]
[EventDate "2021.10.08"]
[EventType "swiss (rapid)"]
[EventRounds "9"]
[EventCountry "KAZ"]
[SourceTitle "EXT 2023"]
[Source "ChessBase"]
[SourceDate "2022.10.05"]
[SourceVersion "1"]
[SourceVersionDate "2022.10.05"]
[SourceQuality "1"]

1. e4 e6 2. d4 d5 3. Nc3 dxe4 4. Nxe4 Be7 5. Nf3 Nf6 6. Bd3 Nbd7 7. Nxf6+ Nxf6 8. 0-0 0-0 9. Qe2 Bd7 10. Ne5 Rc8 11. Qf3 Nd5 12. c4 Nb4 13. Be4 c6 14. a3 Na6 15. Qh3 f5 16. Bc2 Be8 17. Rd1 Bf6 18. Rb1 Bxe5 19. dxe5 Qe7 20. b4 b5 21. Qc3 Nc7 22. Be3 bxc4 23. Bc5 Nd5 24. Qxc4 Qg5 25. Bxf8 Kxf8 26. Rd3 f4 27. Rh3 h6 28. Be4 Qxe5 29. Qc5+ Kg8 30. Bxd5 exd5 31. Qxa7 Qe4 32. Rc1 d4 33. Qa6 Bd7 34. Rd3 Bf5 35. Qc4+ Kh8 36. Rxd4 Qe5 37. Rxf4 Re8 38. h3 Rd8 39. Rf3 Be6 40. Qc5 Bd5 41. Rg3 Qf6 42. Qc3 Qf7 43. Re1 Rf8 44. Qd4 Ra8 45. Qe5 Rf8 46. f3 Rg8 47. Kh2 Qa7 48. Qe3 Qc7 49. Qc5 Qf4 50. Re7 Qf6 51. Qe3 Qf8 52. Qe5 Bf7 53. a4 h5 54. Rg5 1-0